000 00658nam a2200241 i 4500
001 C2-0101630
003 PPAK
005 20180727095819.0
008 970528s1970 io |||| ||||| | may d
040 _aPPAK
_beng
_cPPAK
_erda
082 0 4 _a899.2211
_223
090 0 0 _a899.2211
_bROS
_dKIH
090 0 0 _a899.2211
_bROS
_dKSA
100 1 _aRosidi, Ajip,
_eauthor
245 1 0 _aDjeram :
_btiga kumpulan sadjak
264 1 _aDjakarta, Indonesia :
_bGunung Agung ,
_c1970
300 _a74 pages ;
_c18 cm
336 _2rdacontent
_atext
337 _2rdamedia
_aunmediated
338 _2rdacarrier
_avolume
650 1 0 _aIndonesian poetry
942 _ddc
_cB
999 _c23440
_d23440